Varsinais-Suomi - Kartta Visa - Statistics

Yleistilastot
  • Tätä visaa on pelattu 186 kertaa
  • Keskiarvotulos 11 / 27
Vastaukset kartalla
Vastauksille on annettu kartalla punavihreä väri sen mukaan, kuinka moni on saanut sen oikein.
 
Vastaustilastot
Vastaus % Oikein
Salo
63%
Turku
60%
Naantali
56%
Parainen
54%
Kemiönsaari
52%
Uusikaupunki
52%
Loimaa
47%
Kaarina
46%
Kustavi
46%
Laitila
43%
Paimio
43%
Pyhäranta
41%
Raisio
41%
Aura
38%
Vehmaa
37%
Lieto
35%
Somero
35%
Koski Tl
32%
Oripää
32%
Savuo
32%
Mynämäki
30%
Taivassalo
30%
Masku
29%
Pöytyä
29%
Rusko
29%
Nousiainen
28%
Marttila
26%
Ehtoja vastaavia visoja ei löytynyt
Tulosjakauma
Jokaisen tuloksen saaneiden osuus
Persentiili vastausten määrän mukaan
Tuloshistoriasi
Et ole pelannut tätä visaa